00404nam a2200181Ia 4500003000900000008004100009040001300050040001300063041000800076100002300084245004000107250002700147260001200174260000900186300001100195300001000206490000600216IT-RoPAU120407s9999 xx 000 0 und d aIT-RoPAU cIT-RoPAU aita aDionigi Tettamanzi aBioetica. Nuove sfide per l’uomo. aCasale Monferrato (AL) aPiemme  c1987 a264 p. c21 cm v1